000 00315nam a2200157Ia 4500
100 _aCoad Peter/ Mayfield/ Mark
250 _a2
942 _cBK
654 _ajava
245 _aJAVA Design
260 _bYourdon Press
_c1999
082 _a5.133
_bCOA/MAY
300 _a309
546 _aENGLISH
999 _c20906
_d20906